Fréderic Barberouesse / (Record no. 113552)

MARC details
000 -LEADER
campo de control de longitud fija 00526nam a2200181 4500
001 - NÚMERO DE CONTROL
campo de control 113552
003 - IDENTIFICADOR DE NÚMERO DE CONTROL
campo de control ES-MaACL
007 - CAMPO FIJO DE DESCRIPCIÓN FÍSICA--INFORMACIÓN GENERAL
campo de control de longitud fija t|
008 - DATOS DE LONGITUD FIJA--INFORMACIÓN GENERAL
campo de control de longitud fija 061121s1967 fr r ||||1| fre d
100 1# - ENTRADA PRINCIPAL--NOMBRE DE PERSONA
Nombre de persona Pacaut, Marcel.
9 (RLIN) 88107
245 10 - MENCIÓN DEL TÍTULO
Título Fréderic Barberouesse /
Mención de responsabilidad, etc. Marcel Pacaut.
260 ## - PUBLICACIÓN, DISTRIBUCIÓN, ETC.
Lugar de publicación, distribución, etc. Paris :
Nombre del editor, distribuidor, etc. Fayard,
Fecha de publicación, distribución, etc. 1967.
300 ## - DESCRIPCIÓN FÍSICA
Extensión 316 p. ;
Dimensiones 21 cm.
490 1# - MENCIÓN DE SERIE
Mención de serie Les grandes études historiques
830 04 - PUNTO DE ACCESO ADICIONAL DE SERIE-TÍTULO UNIFORME
Título uniforme Les grandes études historiques
9 (RLIN) 184869
852 ## - LOCALIZACIÓN
Ubicación ES-MaACL
Número de control de estantería E-5770
Sublocalización o colección R.90101
Holdings
Estatus retirado Estado de pérdida Estado de daño No para préstamo Biblioteca de origen Biblioteca actual Ubicación en estantería Fecha de adquisición Fuente de adquisición Total de préstamos Signatura topográfica completa Código de barras Visto por última vez Precio de reemplazo Tipo de ítem Koha
        Biblioteca del Ateneo de Madrid Biblioteca del Ateneo de Madrid Depósito 2 17/01/2008     E-5770 1118429 23/02/2023 23/02/2023 Libro impreso